000 00670aam a2200277 4500
005 20250619145146.0
008 150420b xxu||||| |||| 00| 0 spa d
020 _a9871138032
041 _aESP
082 _aCO 863 G216r15
100 _aGarcía Márquez, Gabriel
_93407
245 _aRelato de un náufrago
250 _a15 edición
260 _aArgentina
260 _bDebolsillo
260 _c2007
300 _a160 páginas
490 _aTemática General
650 _aNOVELA COLOMBIANA
650 _aLITERATURA COLOMBIANA
650 _aNAUFRAGIO
650 _aSUPERVIVENCIA
650 _aREALISMO
650 _aNARRATIVA
942 _cLIT
_2ddc
999 _c4837
_d4837